Uplatňovanie ľudských práv v školskom prostredí očami učiteľov

Bibliographic Details
Main Author: Bieliková, Marcela (Author)
Format: Book
Language:Slovak
PhysicalDescription:59 s. grafy, tab. 21 cm
Published: Bratislava Ústav informácií a prognóz školstva 2012
ISBN:9788070985045
Edition:[1. vyd.]
Subjects:

MARC

LEADER 00000nam a2200000 a 4500
001 vtls010343235
003 SK-MaSNL
005 20260301213835.0
008 240314s2012 xo dl f 000 0 slo
015 |a SNBA2012/03-01636 
020 |a 9788070985045  |q (brož.) 
035 |a 0B760ACB-5654-4799-BE2F-18825AFFBEC9 
035 |a urn:nbn:sk:snk-amjjwv 
035 |a urn:nbn:sk:snk-am000xmu 
040 |a SNK  |b slo  |c SNK  |e AACR2 
041 0 |a slo 
044 |a xo  |c SK 
072 7 |a 342  |x Ústavné právo. Správne právo  |2 konspekt 
080 |a 342.7  |2 2001 
080 |a 373.2/.3  |2 2001 
080 |a 373.5/.6+377.1/.3  |2 2001 
080 |a 373.3.011.3-051  |2 2001 
080 |a 373.5.011.3-051  |2 2001 
080 |a (048.8)  |2 2001 
100 1 |a Bieliková, Marcela  |4 aut  |9 11719 
245 1 0 |a Uplatňovanie ľudských práv v školskom prostredí očami učiteľov  |c Marcela Bieliková 
250 |a [1. vyd.] 
260 |a Bratislava  |b Ústav informácií a prognóz školstva  |c 2012 
300 |a 59 s.  |b grafy, tab.  |c 21 cm 
366 |e 100 výt. 
504 |a Bibliogr. s. 59 
650 0 7 |a ľudské práva  |2 SNKPH  |9 798 
650 0 7 |a základné školy  |2 SNKPH  |9 1280 
650 0 7 |a stredné školy  |2 SNKPH  |9 1279 
650 0 7 |a učitelia základných škôl  |2 SNKPH  |9 57114 
650 0 7 |a stredoškolskí učitelia  |2 SNKPH  |9 4274 
650 0 7 |a Human rights  |2 SNKPHeng  |9 265688 
650 0 7 |a Elementary schools  |2 SNKPH  |9 265049 
650 0 7 |a Secondary schools  |2 SNKPHeng  |9 267200 
650 0 7 |a Elementary school teachers  |2 SNKPHeng  |9 319852 
650 0 7 |a Secondary school teachers  |2 SNKPHeng  |9 326540 
655 7 |a štúdie  |2 SNKPH  |9 57033 
655 7 |a Studies  |2 SNKPHeng  |9 265573 
852 |a Štátna vedecká knižnica v Banskej Bystrici 
919 |a 978-80-7098-504-5 
958 |a NB 
968 |d 34 
999 |c 922897  |d 924827 
952 |a SNK  |b SNK  |y PREZ  |7 0  |p 17A0878683  |o snkSC 148429  |i snk2012/4570  |8 0  |0 0  |1 0  |4 0  |d 2012-02-21  |l 0  |r 2025-07-17 00:00:00  |w 2026-02-24 
952 |a SNK  |b SNK  |y VYP  |7 0  |p 17A0878682  |o snkSC 148429 D1  |i snk2012/4571  |8 0  |0 0  |1 0  |4 0  |d 2012-02-21  |f 1  |l 0  |r 2026-02-24 08:21:42  |w 2026-02-24 
952 |t snkBIE 37  |a SNKUST  |b SNKUST  |y PREZ  |7 0  |p 17A1068020  |o snkSC 148429 D2  |i snk2013/9685  |8 0  |0 0  |1 0  |4 0  |d 2013-04-26  |l 0  |r 2025-04-28 00:00:00  |w 2026-02-24